Statistics for Countries That Ban Alcohol

Click here to take the quiz!

General Stats

  • This quiz has been taken 495 times
  • The average score is 11 of 16

Answer Stats

Answer % Correct
Saudi Arabia
92%
Iran
91%
Iraq (except Kurdistan)
90%
Yemen
90%
UAE (only in Sharjah)
85%
Pakistan (only for Muslims)
83%
Kuwait
79%
Afghanistan
75%
Sudan
70%
Somalia
67%
Libya
64%
India (only in Karala, Gujarat, Nagaland, Lakshwadeep)
58%
Bangladesh
57%
Mauritania
48%
Brunei
47%
Maldives (only for Muslims)
40%

Score Distribution

Percentile by Number Answered

Percent of People with Each Score

Your Score History

You have not taken this quiz